| 000 | 00878nam a22002417a 4500 | ||
|---|---|---|---|
| 999 |
_c7246 _d7246 |
||
| 003 | OSt | ||
| 005 | 20190722144053.0 | ||
| 008 | 190722e201906 pc ||||| |||||000 0 cat|d | ||
| 017 |
_aDL B 14940-2019 _bOficina DL Barcelona |
||
| 020 | _a9788417759100 | ||
| 040 |
_aES-BaUB _bcat _cCDMR |
||
| 100 | 1 |
_aFigueres i Artigues, Josep Maria _d1950- _913 |
|
| 245 | 1 | 0 |
_aResistència _b: la premsa en català, censura i repressió / _cJosep Maria Figueres ; pròleg de Carles Puigdemont ; epìleg de Sebastià Serra |
| 260 |
_aBarcelona : _bBase, _c2019 |
||
| 300 |
_a301 p. ; _c24 cm |
||
| 504 | _aReferències bibliogràfiques | ||
| 650 | 7 |
_aPersecucions polítiques _zCatalunya _yS.XX _2lemac _93170 |
|
| 650 | 7 |
_aPremsa _zCatalunya _ySXX _2lemac _9195 |
|
| 651 | 7 |
_aCatalunya _xHistòria _yS.XX |
|
| 700 | 1 |
_aPuigdemont, Carles _d1962- _9281 |
|
| 700 | 1 | _aSerra, Sebastià, | |
| 942 | _cMON | ||